Flagi państw na literę M - Statystyki

Ogólne statystyki
  • Ten quiz został rozwiązany 9 635 razy
  • Średni wynik to 14 z 17
Statystyki odpowiedzi
Obrazkowy Odpowiedź % Poprawnych
Malta
99%
Macedonia Północna
98%
Maroko
94%
Meksyk
94%
Mołdawia
93%
Monako
92%
Malezja
88%
Mongolia
85%
Mozambik
85%
Madagaskar
82%
Mali
76%
Mikronezja
74%
Malawi
70%
Mauretania
70%
Mjanma
69%
Malediwy
67%
Mauritius
64%
Nie znaleziono quizów pasujących do podanych kryteriów
Rozkład punktacji
Procent ludzi z każdym wynikiem
Percentyl według liczby udzielonych odpowiedzi
Twoja historia wyników
Nie rozwiązałeś tego quizu